Odpisy v podmienkach inflácie

Zmeny cien konkrétnych položiek aktív a zmeny cien v celkovej cenovej hladine (inflácia) ovplyvňujú vypovedaciu schopnosť účtovných informácií. Odpisy dlhodobého majetku. Metódy odpisovania - rovnomerná metóda, zrýchlené metódy (metóda DDB, metóda SYD). Charakteristika jednotlivých metód.

Guardado en:
Detalles Bibliográficos
Autor principal: Hvastová, Jozefína, 1969-
Formato: Capítulo de libro
Lenguaje:eslovaco
Materias:
Etiquetas: Agregar Etiqueta
Sin Etiquetas, Sea el primero en etiquetar este registro!

MARC

LEADER 00000naa$a2200000$$$4500
001 0052218
005 20240502071615.9
041 0 |a slo 
044 |a SK 
245 1 0 |a Odpisy v podmienkach inflácie  |c Jozefína Hvastová 
520 |a Zmeny cien konkrétnych položiek aktív a zmeny cien v celkovej cenovej hladine (inflácia) ovplyvňujú vypovedaciu schopnosť účtovných informácií. Odpisy dlhodobého majetku. Metódy odpisovania - rovnomerná metóda, zrýchlené metódy (metóda DDB, metóda SYD). Charakteristika jednotlivých metód. 
610 2 0 |a odpisy 
610 2 0 |a odpisy účtovné 
610 2 0 |a metódy 
610 2 0 |a inflácia 
610 2 0 |a ceny 
610 2 0 |a aktíva 
100 1 |a Hvastová, Jozefína, 1969-